| 000 | 00556nam a2200193Ia 4500 | ||
|---|---|---|---|
| 005 | 20250326144712.0 | ||
| 008 | 250326s9999 xx 000 0 und d | ||
| 020 | _a81-203-2640-7 | ||
| 037 | _aTextbook | ||
| 040 |
_aFMSL _beng _cFMSL |
||
| 041 |
_aeng _2eng |
||
| 084 |
_aX:80bB28 P4 _qFMSL |
||
| 100 | _aGupta M P | ||
| 245 | 0 |
_aQuantitative techniques for decision making _cGupta M P; Khanna R B |
|
| 260 |
_aNew Delhi _bNew Delhi, Prentice -Hall _c2004 |
||
| 300 | _a465p | ||
| 942 |
_cTB _hX:80bB28 P4 |
||
| 999 |
_c1304677 _d1304677 |
||